MARC

Tag First Indicator Second Indicator Subfields
LEADER 00000cam a2200000 a 4500
001 in00000081155
005 20151008055428.0
008 810731s1980 nhua c 00000 eng
010 |a  80068935  
020 |a 0874511909 (pbk.) 
035 |a (OCoLC)07085353 
035 |9 AAJ3440AM 
039 0 |a 2  |b 3  |c 3  |d 3  |e 3 
040 |a DLC  |c DLC  |d TXA  |d UtOrBLW 
043 |a n-us---  |a n-us-nh  |a n-us-me 
049 |a TXAM  |c [1502291] 
050 0 0 |a N8214.5.U6  |b W44 
082 0 |a 760/.04436/0973074014  |2 19 
245 0 4 |a The White Mountains :  |b place and perceptions /  |c exhibition curator, Donald D. Keyes ; contributing authors, Catherine H. Campbell [and others]. 
264 1 |a Hanover, N.H. :  |b Published for the University Art Galleries, University of New Hampshire, Durham, by the University Press of New England,  |c [1980] 
264 4 |c ©1980 
300 |a 151 pages :  |b illustrations (some color) ;  |c 26 cm. 
336 |a text  |b txt  |2 rdacontent 
337 |a unmediated  |b n  |2 rdamedia 
338 |a volume  |b nc  |2 rdacarrier 
500 |a Exhibition held: Sept. 8-Oct. 29, 1980 at University Art Galleries, Durham; Dec. 1-Jan. 30, 1981 at the New York Historical Society, New York; Mar. 6-Apr. 19, 1981 at Dartmouth College Museum & Galleries, Hanover. 
650 0 |a White Mountains (N.H. and Me.) in art  |x Exhibitions. 
650 0 |a Art, American  |v Exhibitions. 
650 0 |a Art, American  |y 19th century  |v Exhibitions. 
700 1 |a Campbell, Catherine H. 
710 2 |a University of New Hampshire.  |b University Art Galleries. 
710 2 |a New-York Historical Society. 
710 2 |a Dartmouth College.  |b Museum & Galleries. 
999 |a MARS 
999 f f |s e3fcc1fc-44e8-3c82-ac16-8552e845a1c6  |i 9321b51a-9c0b-3a53-bfdf-e25fdc340b56  |t 0 
952 f f |p normal  |a Texas A&M University  |b College Station  |c Sterling C. Evans Library  |d Evans: Library Stacks  |t 0  |e N8214.5.U6 W44  |h Library of Congress classification  |i unmediated -- volume  |m A14806167027 
998 f f |a N8214.5.U6 W44  |t 0  |l Evans: Library Stacks